书目信息 |
| 题名: |
教育督导资料集粹
|
|
| 作者: | 张茵 , 张茵 主编 | |
| 分册: | 上 | |
| 出版信息: | 长春 吉林人民出版社 2005 |
|
| 页数: | 333页 | |
| 开本: | 20cm | |
| 丛书名: | ||
| 单 册: | ||
| 中图分类: | G464 | |
| 科图分类: | ||
| 主题词: | 教育视导--研究 , 教育视导 | |
| 电子资源: | ||
| ISBN: | 7-206-03251-6 | |
| 000 | 00851nam0 2200265 45 | |
| 001 | 012006200040 | |
| 005 | 20070106091624.39 | |
| 010 | @a7-206-03251-6@dCNY62.50(上下) | |
| 092 | @aCN@b485686 | |
| 100 | @a20060206d2005 em y0chiy0120 ea | |
| 101 | 0 | @achi |
| 102 | @aCN@b220000 | |
| 105 | @ay lnz 000yy | |
| 200 | 1 | @a教育督导资料集粹@9jiao yu du dao zi liao ji cui@h上@f张茵主编@Fzhang yin zhu bian |
| 205 | @a2版 | |
| 210 | @a长春@c吉林人民出版社@d2005 | |
| 215 | @a333页@d20cm | |
| 330 | @a本书编辑了四方面的资料:一是法律法规和行政规章等重要文件、二是领导讲话、三是督导评估方案与指标体系、四是理论探索和实践经验等文章。 | |
| 606 | 0 | @a教育视导@x研究 |
| 606 | 0 | @a教育视导 |
| 690 | @aG464@v4 | |
| 701 | 0 | @a张茵@9zhang yin@4主编 |
| 701 | 0 | @a张茵@Azhang yin@4主编 |
| 801 | 0 | @aCN@bLZJBOOK@c20070106 |
| 905 | @a10447@dG464@e11:1=2 | |
| 教育督导资料集粹.上/张茵主编.-2版.-长春:吉林人民出版社,2005 |
| 333页;20cm |
| ISBN 7-206-03251-6:CNY62.50(上下) |
| 本书编辑了四方面的资料:一是法律法规和行政规章等重要文件、二是领导讲话、三是督导评估方案与指标体系、四是理论探索和实践经验等文章。 |
| ● |
| 相关链接 |
|
|
|
|
正题名:教育督导资料集粹
索取号:G464/11:1=2
 
预约/预借
| 序号 | 登录号 | 条形码 | 馆藏地/架位号 | 状态 | 备注 |
| 1 | 0559117 | 205591171 | 第一样本阅览室/ [索取号:G464/11:1=2] | 在馆 | |
| 2 | 0559118 | 205591180 | 密集书库/ [索取号:G464/11:1=2] | 在馆 | |
| 3 | 0559119 | 205591199 | 密集书库/ [索取号:G464/11:1=2] | 在馆 | |
| 4 | 0559120 | 205591206 | 第四借阅区/ [索取号:G464/11:1=2] | 在馆 | |
| 5 | 0559121 | 205591215 | 第四借阅区/ [索取号:G464/11:1=2] | 在馆 | |
| 6 | 0559122 | 205591224 | 密集书库/ [索取号:G464/11:1=2] | 在馆 | |
| 7 | 0559123 | 205591233 | 第四借阅区/ [索取号:G464/11:1=2] | 在馆 | |
| 8 | 0559124 | 205591242 | 第四借阅区/ [索取号:G464/11:1=2] | 在馆 |